UNIX system security
Αποθηκεύτηκε σε:
| Κύριος συγγραφέας: | |
|---|---|
| Άλλοι συγγραφείς: | |
| Μορφή: | Βιβλίο |
| Γλώσσα: | English |
| Δημοσίευση: |
Hasbrouck Heights, N.J. :
Hayden Book Co.,
c1985
|
| Σειρά: | Hayden Books UNIX system library
|
| Θέματα: | |
| Ετικέτες: |
Προσθήκη ετικέτας
Δεν υπάρχουν, Καταχωρήστε ετικέτα πρώτοι!
|
MARC
| LEADER | 00000nam a2200000 i 4500 | ||
|---|---|---|---|
| 001 | 1/40442 | ||
| 008 | 941103s1985 eng d | ||
| 020 | |a 0-672-48494-3 | ||
| 035 | |l 10041257 | ||
| 040 | |a GR-MY-UA |b gre |e aacr | ||
| 041 | 0 | |a eng | |
| 082 | 0 | |a 005.43 | |
| 100 | 1 | |a Wood, Patrick H. | |
| 245 | 1 | 0 | |a UNIX system security / |c Patrick H. Wood and Stephen G. Kochan |
| 260 | |a Hasbrouck Heights, N.J. : |b Hayden Book Co., |c c1985 | ||
| 300 | |a 299 p.; |b ill.; |c 26 cm. | ||
| 490 | 1 | |a Hayden Books UNIX system library | |
| 504 | |a Includes bibliographical references (199-201) and index | ||
| 630 | 0 | 0 | |a UNIX (Computer file) |
| 650 | 0 | 0 | |a Computer security. |
| 700 | 1 | |a Kochan, Stephen G. | |
| 830 | 0 | |a Hayden Books UNIX system library | |
| 852 | |a INST |b SAMOS |e 19941103 |h 005.43 WOO |p 005300004186 |q 005300004186 |t BK |y 0 | ||
| 901 | |a BIBL3-2000-3 | ||
| 909 | |a Σ |b 033553 | ||
| 922 | |a 3ΕΛΗ |b 199401 |c ΒΙΒΛΙΟΘΗΚΗ | ||